00437nam a2200169Ia 450000500170000000800410001702000120005804000190007004100120008908200130010124500580011426000320017230000110020465000190021565100230023485000100025720240718105059.0131103s9999 xx 000 0 und d cRs.3.10 aLoreto College aEnglish a821bHIG aHigher secondary english selectionsb poetry & drama  aCalcuttabW.B.C.H.S.Ec1981 a144p.  aEnglish poetry aEnglish literature aLCBED